[Event "Arco op 43rd"]
[Site "Arco"]
[Date "2021.10.16"]
[Round "8"]
[White "Fiolo, Costanza"]
[Black "Pagano, Sergio1111"]
[Result "0-1"]
[WhiteElo "1652"]
[BlackElo "1938"]
[PlyCount "64"]
[EventDate "2021.10.09"]
[EventType "swiss"]
[EventRounds "9"]
[EventCountry "ITA"]
[SourceTitle "CBM 204 Extra"]
[Source "ChessBase"]
[SourceDate "2021.11.30"]
[SourceVersion "1"]
[SourceVersionDate "2021.11.30"]
[SourceQuality "1"]

1. Nf3 Nf6 2. g3 c5 3. Bg2 Nc6 4. d4 e6 5. 0-0 d5 6. c4 Be7 7. dxc5 Bxc5 8. cxd5 exd5 9. a3 a5 10. Nc3 0-0 11. Bg5 Be7 12. Qc2 Be6 13. Rad1 Qd7 14. e4 d4 15. Ne2 Rac8 16. Qd3 Rfd8 17. Nexd4 Bc5 18. Be3 Bg4 19. Qc4 Bxd4 20. Bxd4 Bxf3 21. Bxf6 Bxd1 22. Bxd8 Ne7 23. Bh3 Qxh3 24. Qd3 Bc2 25. Qd2 Bxe4 26. f3 Rc2 27. Qxc2 Bxc2 28. Bxe7 f6 29. g4 h5 30. Rc1 Ba4 31. Rc4 Qxf3 32. Bc5 Bc6 0-1

[Event "ITA-ch U16"]
[Site "Salsomaggiore Terme"]
[Date "2019.07.10"]
[Round "5"]
[White "Maione, Melissa"]
[Black "Fiolo, Costanza"]
[Result "0-1"]
[WhiteElo "1914"]
[BlackElo "1483"]
[PlyCount "134"]
[EventDate "2019.07.07"]
[EventType "swiss"]
[EventRounds "9"]
[EventCountry "ITA"]
[SourceTitle "EXT 2020"]
[Source "ChessBase"]
[SourceDate "2019.10.17"]
[SourceVersion "1"]
[SourceVersionDate "2019.10.17"]
[SourceQuality "1"]

1. e4 Nf6 2. e5 Nd5 3. d4 d6 4. c4 Nb6 5. Nf3 g6 6. Be2 Bg7 7. exd6 cxd6 8. 0-0 Bg4 9. Be3 0-0 10. Nbd2 Nc6 11. h3 Bf5 12. a3 d5 13. c5 Nc8 14. b4 a6 15. Nb3 b6 16. Rc1 bxc5 17. Nxc5 Qb6 18. Qb3 Rd8 19. Bxa6 Rxa6 20. b5 Na5 21. Qa4 Ra7 22. Qb4 Nd6 23. a4 Ndc4 24. Bf4 Raa8 25. Rfe1 Re8 26. g4 Bc8 27. Re2 Ra7 28. Kg2 Nc6 29. Qc3 Nd8 30. Bg3 Ne6 31. Nxe6 Bxe6 32. Ra1 Rea8 33. Rea2 Rc8 34. Qd3 Rca8 35. Qc3 Bd7 36. Qb3 Be6 37. Rd1 Ra5 38. Raa1 Qa7 39. Qb4 Rxa4 40. Rxa4 Qxa4 41. Qb1 Qa7 42. Bf4 Qb6 43. Qb4 Ra7 44. Qc5 Rb7 45. Rb1 Bf8 46. Ne5 Nxe5 47. Bxe5 f6 48. Bf4 Bf7 49. Qxb6 Rxb6 50. Bc7 Rb7 51. b6 e5 52. dxe5 fxe5 53. Bxe5 Bc5 54. Bc7 Kf8 55. Rb5 Bd4 56. Rb4 Bc5 57. Rb5 Bd4 58. Rb4 Bc3 59. Ra4 Be8 60. Ra8 Bd4 61. Ra6 Bb5 62. Ra5 Bc6 63. Ra8+ Ke7 64. Bd8+ Kd7 65. Bg5 Rxb6 66. Rd8+ Ke6 67. Rd6+ Kxd6 0-1